[Event "Mechanics' Fall TNM; 30/90, SD/30"]
[Site "San Francisco"]
[Date "2014.12.16"]
[Round "8.19"]
[White "Reyes, Robert"]
[Black "Flores, David"]
[Result "1/2-1/2"]
[WhiteElo "1607"]
[BlackElo "1793"]
[PlyCount "90"]
[EventDate "2014.??.??"]

1. e4 g6 2. Nf3 Bg7 3. d4 d6 4. Nc3 Nh6 5. Bc4 O-O 6. O-O c6 7. Bg5 Ng4 8. Qd2
h6 9. Bf4 Kh7 10. h3 Nf6 11. Kh2 Nbd7 12. Rfe1 e5 13. dxe5 Nh5 14. exd6 Nxf4
15. Qxf4 Qe8 16. Qh4 Ne5 17. Nxe5 Bxe5+ 18. Kh1 Bxd6 19. f4 Qe7 20. Qxe7 Bxe7
21. Rad1 b5 22. Bd3 Kg7 23. e5 Be6 24. a3 a6 25. g4 Rad8 26. Rf1 f5 27. exf6+
Bxf6 28. Rde1 Bf7 29. Nd1 Rd4 30. Ne3 Rxd3 31. cxd3 Bxb2 32. Nc2 a5 33. Kg2 Rd8
34. Rd1 a4 35. Rb1 Bf6 36. Rbd1 Bb3 37. Rf2 Rd6 38. Rfd2 Bb2 39. Rb1 Bc3 40.
Rbd1 c5 41. Kh2 Kf6 42. Re2 Bb2 43. Rb1 Bxc2 44. Rxc2 Bxa3 45. Rxb5 Bb4 1/2-1/2

[Event "Mechanics' Whitehead TNM; 30/90, SD/30"]
[Site "San Francisco"]
[Date "2014.09.02"]
[Round "5.11"]
[White "Reyes, Robert"]
[Black "Gaffagan, Steven"]
[Result "0-1"]
[WhiteElo "1655"]
[BlackElo "2129"]
[PlyCount "58"]
[EventDate "2014.??.??"]

1. e4 c5 2. c3 e6 3. d4 d5 4. e5 Bd7 5. Nf3 Qb6 6. b3 Nc6 7. Bb2 Rc8 8. Be2 Nh6
9. O-O cxd4 10. cxd4 Nf5 11. a4 a6 12. Na3 Na5 13. Rb1 Qxb3 14. Qxb3 Nxb3 15.
Bd1 Na5 16. Nd2 Be7 17. g4 Nxd4 18. Bxd4 Bxa3 19. Bb6 Nc4 20. Nxc4 Rxc4 21. Be3
Bc6 22. Rb3 Be7 23. a5 O-O 24. Be2 Ra4 25. Bd2 Ra2 26. Rb6 Rxd2 27. Bxa6 Bc5
28. Rxc6 bxc6 29. Rc1 Bxf2+ 0-1

[Event "Mechanics' SummerTNM; 30/90, SD/30"]
[Site "San Francisco"]
[Date "2014.06.24"]
[Round "5.16"]
[White "Reyes, Robert"]
[Black "Gerwin, Gene"]
[Result "1/2-1/2"]
[WhiteElo "1383"]
[BlackElo "1910"]
[Annotator "Winslow,Elliott C"]
[PlyCount "77"]
[EventDate "2014.??.??"]

1. e4 d5 2. exd5 Qxd5 3. Nc3 Qd6 4. Nf3 c6 5. d3 Nf6 6. Bg5 Bg4 7. Bxf6 Qxf6 8.
Ne4 Qxb2 9. Rb1 Bxf3 10. gxf3 Qxa2 11. Rxb7 Qa5+ 12. c3 f5 13. Qb3 fxe4 14.
Rxb8+ Rxb8 15. Qxb8+ Kd7 $4 (15... Kf7 $11) 16. Bh3+ e6 17. Qb7+ (17. O-O $1
$18) 17... Qc7 18. Bxe6+ Kd8 19. Qxc7+ Kxc7 20. fxe4 $16 Bd6 21. O-O Bf4 22. d4
Re8 23. d5 cxd5 24. exd5 Bd2 25. Rd1 Bf4 26. Rd4 g5 27. Rc4+ Kb6 28. Rb4+ Kc7
29. Ra4 Kb6 30. Rc4 Rd8 31. Rc6+ Kb7 32. c4 a5 33. Bf5 h5 34. Rc5 Ra8 35. d6
Rd8 36. Rxa5 Rxd6 37. Be4+ Kc7 38. h4 Rd4 39. Rc5+ 1/2-1/2

[Event "Mechanics' Spring TNM; 30/90, SD/30"]
[Site "San Francisco"]
[Date "2014.03.18"]
[Round "1.13"]
[White "Reyes, Robert"]
[Black "Grey, Peter"]
[Result "1/2-1/2"]
[WhiteElo "1383"]
[BlackElo "2000"]
[Annotator "Donaldson"]
[PlyCount "67"]
[EventDate "2014.??.??"]

1. e4 e5 2. Nf3 Nc6 3. d4 exd4 4. Nxd4 Bb4+ 5. Nc3 Nge7 6. Bc4 O-O 7. O-O Nxd4
8. Qxd4 Nc6 9. Qd1 d6 10. Be3 Ne5 11. Bb3 a5 12. Nd5 Bc5 13. Bxc5 dxc5 14. Ne3
Qxd1 15. Raxd1 a4 16. Bc4 Nxc4 17. Nxc4 Be6 18. b3 axb3 19. axb3 Bxc4 20. bxc4
Ra4 21. Rd7 Rc8 22. Rfd1 Kf8 23. f3 Rxc4 24. R7d2 Ra4 25. Kf2 Ke8 26. Ke3 Raa8
$2 (26... Ra2 $17) 27. Kd3 $2 (27. Rd5 b6 28. Re5+ Kf8 29. Rd7 $11) 27... Rd8+
(27... b5 $1) 28. Kc4 Rxd2 29. Rxd2 b6 30. Kb5 Rd8 31. Rxd8+ Kxd8 32. Kc6 g5
33. g3 h5 34. f4 1/2-1/2

[Event "Mechanics' Spring TNM; 30/90, SD/30"]
[Site "San Francisco"]
[Date "2014.04.15"]
[Round "5.20"]
[White "Reyes, Robert"]
[Black "MacIntyre, Brendan"]
[Result "1-0"]
[WhiteElo "1383"]
[BlackElo "1688"]
[Annotator "Donaldson"]
[PlyCount "53"]
[EventDate "2014.??.??"]

1. e4 c5 2. c3 d5 3. exd5 Qxd5 4. d4 cxd4 5. cxd4 Nf6 (5... Nc6 6. Nf3 (6. Nc3
Qxd4 7. Be3 Qxd1+ 8. Rxd1 {offers White compensation for the pawn.}) 6... Bg4
7. Nc3 Bxf3 8. gxf3 Qxd4 9. Qxd4 Nxd4 10. Nb5 $1 e5 $1 {
is critical but should favor White.}) 6. Nc3 Qd8 7. Nf3 e6 8. Bg5 Be7 9. Bb5+
$6 (9. Bd3) (9. Bc4) 9... Bd7 10. Bxd7+ Nbxd7 11. O-O O-O 12. Re1 h6 (12... Nb6
) 13. Bf4 a6 (13... Nb6) 14. d5 $1 exd5 15. Nxd5 Nxd5 16. Qxd5 b5 17. Rad1 Nf6
{Diagram #} 18. Qxd8 $6 (18. Qe5 $18) (18. Qb7 $18) 18... Bxd8 19. Bd6 Re8 20.
Rxe8+ Nxe8 21. Bb4 Bf6 22. Rd2 Nc7 23. g3 Ne6 24. Rc2 a5 25. Bc3 Rc8 26. Ne1
Nd4 $4 27. Bxd4 1-0

[Event "Mechanics' SummerTNM; 30/90, SD/30"]
[Site "San Francisco"]
[Date "2014.05.27"]
[Round "1.19"]
[White "Reyes, Robert"]
[Black "Maser, Thomas"]
[Result "1/2-1/2"]
[WhiteElo "1383"]
[BlackElo "1900"]
[Annotator "Donaldson"]
[PlyCount "49"]
[EventDate "2014.??.??"]

1. e4 e5 2. Nf3 Nc6 3. d4 exd4 4. Nxd4 Bc5 5. Nxc6 bxc6 6. Nc3 Qf6 7. Qf3 d6 8.
Be2 Qxf3 9. Bxf3 Ne7 10. Bf4 Bd4 11. O-O-O Bxf2 12. e5 d5 13. Bg5 Ng6 $2 {
Diagram #} (13... Be6 {and White does not have enough for the pawn.}) 14. Rhf1
$2 (14. Nxd5 $1 cxd5 15. Bxd5 Rb8 16. Bc6+) 14... Bb6 $2 {Diagram #} (14... Bh4
$15) 15. Nxd5 $1 Bd7 16. Nc3 (16. Nb4 $1) 16... h6 {Diagram #} 17. Rxd7 $2 ({
Young Robert plays very creatively but objectively} 17. e6 $1 {was stronger :}
fxe6 18. Bh5 hxg5 19. Bxg6+ Kd8 20. Rf7 {winning.}) 17... Kxd7 18. Rd1+ Ke6 (
18... Kc8 19. Bxc6 Rb8 {and White does not have enough for the exchange.}) 19.
Bg4+ Kxe5 20. Re1+ Kd6 21. Rd1+ Kc5 22. a3 (22. Be3+ Kb4 {
allows the king to escape.}) 22... hxg5 $2 (22... Rhe8 {had to be played.}) 23.
b4+ {This forces in draw in exciting fashion but} (23. Ne4+ {leads to mate.}
Kb5 24. Be2+ Ka4 25. Nc3+ Ka5 26. b4#) 23... Kc4 24. Be2+ Kxc3 25. Rd3+ 1/2-1/2

[Event "Mechanics' Spring TNM; 30/90, SD/30"]
[Site "San Francisco"]
[Date "2014.04.22"]
[Round "6.17"]
[White "Reyes, Robert"]
[Black "Newey, Richard"]
[Result "0-1"]
[WhiteElo "1383"]
[BlackElo "1807"]
[Annotator "Donaldson"]
[PlyCount "84"]
[EventDate "2014.??.??"]

1. e4 c5 2. c3 Nc6 (2... d5 3. exd5 Qxd5 4. d4 Nc6 5. Nf3) 3. d4 d5 4. dxc5 (4.
exd5 Qxd5 5. Nf3 Bg4 6. Be2 cxd4 7. cxd4 Bxf3 8. Bxf3 Qxd4 $4 9. Bxc6+) 4...
dxe4 5. Qxd8+ Nxd8 6. Be3 e5 7. Nd2 Nf6 8. f3 $2 (8. Bc4) 8... Bf5 (8... Nd5 $1
9. Bf2 (9. Nc4 Nxe3 10. Nxe3 Bxc5) 9... e3) 9. O-O-O Rc8 10. Bb5+ Nc6 11. Nc4
a6 12. Bxc6+ Rxc6 13. b4 Nd7 14. Bf2 (14. fxe4 Bxe4 15. Nf3) 14... Be7 15. Re1
exf3 16. Nxf3 f6 17. Nh4 (17. Nd4 exd4 18. Nd6+) 17... Be6 18. Nb2 (18. Na5 Rc7
) 18... b6 19. cxb6 Nxb6 (19... Bxb4) 20. Bxb6 Rxb6 21. Na4 Rc6 22. Kb2 O-O 23.
Re3 Rb8 24. Ka3 a5 25. Rb1 Rd6 (25... axb4+ 26. cxb4 Rc2 27. Nc3 Ra8+ 28. Na4
Rxa2#) 26. Nf3 Ra8 27. Re4 Rc6 28. Rb3 Bxb3 29. Kxb3 axb4 30. cxb4 Rd6 31. Nc3
Rc8 32. Re3 Kf7 33. g4 Rcd8 34. Kc2 Rc8 35. Kb3 Bd8 36. Nh4 g6 37. Ng2 Rd2 38.
Ne4 Rd1 39. Nc3 Rg1 40. Re2 Rc1 41. Ne4 Be7 42. Ne3 Rb1+ 0-1

[Event "Mechanics' Fall TNM; 30/90, SD/30"]
[Site "San Francisco"]
[Date "2014.10.28"]
[Round "2.20"]
[White "Reyes, Robert"]
[Black "Sarafian, Greg"]
[Result "1/2-1/2"]
[WhiteElo "1607"]
[BlackElo "1926"]
[PlyCount "39"]
[EventDate "2014.??.??"]

1. e4 e5 2. Nf3 Nc6 3. d4 exd4 4. Nxd4 Bc5 5. Be3 Qf6 6. c3 Nge7 7. Bc4 O-O 8.
O-O Qg6 9. Qf3 Ne5 10. Qe2 Bxd4 11. cxd4 Nxc4 12. Qxc4 Qxe4 13. Qxc7 Nd5 14.
Qg3 f5 15. Nd2 Qe6 16. Bf4 Nxf4 17. Qxf4 d6 18. Rfe1 Qf6 19. Nc4 Rd8 20. Qe3
1/2-1/2

[Event "Mechanics' SummerTNM; 30/90, SD/30"]
[Site "San Francisco"]
[Date "2014.06.17"]
[Round "4.21"]
[White "Reyes, Robert"]
[Black "Sherwood, Peter"]
[Result "1-0"]
[WhiteElo "1383"]
[BlackElo "1797"]
[Annotator "Donaldson"]
[PlyCount "51"]
[EventDate "2014.??.??"]

1. e4 c5 2. c3 d5 3. exd5 Qxd5 4. d4 Nf6 5. Nf3 Bg4 6. Be2 e6 7. Bf4 Nc6 8. O-O
Be7 9. Na3 O-O 10. Nc2 cxd4 11. Nfxd4 Bxe2 12. Qxe2 Nxd4 (12... Rfd8 13. Rfd1 (
13. Ne3 Nxd4) 13... Rac8 $11) 13. Nxd4 Bd6 (13... Rfd8) 14. Bxd6 Qxd6 15. Rad1
Qc5 16. Rfe1 Rad8 17. h3 Rd7 18. Nxe6 fxe6 19. Qxe6+ Rdf7 20. Re5 Qc8 (20...
Qc7 {intending ...g6 and ...Kg7.}) 21. Qb3 Kh8 22. Rde1 h6 23. Re7 Rxe7 24.
Rxe7 Re8 (24... Qf5 25. Qxb7 Rd8 {intending Rd2 or Rd1.}) 25. Qxb7 Rxe7 $2 (
25... Qxb7 26. Rxb7 Re1+ 27. Kh2 Re2 28. Kg3 $11) 26. Qxc8+ 1-0

[Event "Mechanics' Winter TNM; 30/90, SD/30"]
[Site "San Francisco"]
[Date "2014.01.28"]
[Round "4.29"]
[White "Reyes, Robert"]
[Black "Simpkins, Jerry"]
[Result "1-0"]
[WhiteElo "1318"]
[BlackElo "1551"]
[Annotator "Donaldson"]
[PlyCount "45"]
[EventDate "2014.??.??"]

1. e4 e5 2. Nf3 Nc6 3. d4 exd4 4. Nxd4 Qf6 5. Nxc6 dxc6 6. Nc3 Bc5 7. Qf3 Bd4
8. Qxf6 Nxf6 9. Bd3 Ng4 10. O-O O-O 11. Bf4 Be5 12. Bxe5 Nxe5 13. f4 Nxd3 14.
cxd3 b6 15. Rf3 (15. d4) 15... Ba6 16. Rd1 Rad8 17. d4 $1 b5 $2 18. b4 $1 Bc8
19. Rfd3 Rfe8 20. d5 cxd5 21. Nxd5 Rd6 $6 (21... Rd7) 22. e5 Rg6 $2 {Diagram #}
(22... Rd7) 23. Ne7+ 1-0

[Event "Mechanics' Winter TNM; 30/90, SD/30"]
[Site "San Francisco"]
[Date "2014.02.11"]
[Round "6.28"]
[White "Reyes, Robert"]
[Black "Starr, Albert"]
[Result "1/2-1/2"]
[WhiteElo "1318"]
[BlackElo "1570"]
[Annotator "Donaldson"]
[PlyCount "115"]
[EventDate "2014.??.??"]

1. e4 e5 2. Nf3 Nf6 3. Nxe5 d6 4. Nf3 Nxe4 5. Qe2 Qe7 6. d3 Nf6 7. Qxe7+ (7.
Bg5 Qxe2+ 8. Bxe2 Be7 9. O-O {gives White an extra move.}) 7... Bxe7 8. Be2 O-O
9. O-O h6 10. Nc3 c6 11. Be3 Bg4 12. h3 Bh5 13. Rad1 Nbd7 14. d4 Rfe8 15. d5 c5
16. Bf4 Nb6 17. Rfe1 a6 18. a4 Bg6 19. a5 Nbd7 20. Bd3 Bxd3 21. Rxd3 Bf8 22.
Rde3 Rxe3 23. Rxe3 Re8 24. Rxe8 Nxe8 25. Ne4 $6 (25. g4) 25... g5 26. Bh2 f5
27. Nc3 Bg7 28. g4 f4 29. h4 {Diagram #} Bxc3 (29... Bf6 30. hxg5 hxg5 31. Ne4)
30. bxc3 Ne5 31. Kg2 {Diagram #} Nf6 (31... Nxf3 32. Kxf3 Nf6 {wins} 33. c4 Kf7
34. hxg5 hxg5 35. Bg1 Ke7 36. Bh2 Kd7 37. Bg1 Kc7 38. Bh2 b6 39. axb6+ Kxb6 40.
Bxf4 gxf4 41. g5 Ng8 42. Kxf4 a5 43. Ke4 a4 44. f4 a3 45. f5 a2 46. f6 a1=Q)
32. hxg5 Nfxg4 33. Bxf4 h5 34. Nd2 Nd7 35. Bxd6 Kf7 36. Ne4 Kg6 37. Bxc5 Nge5
38. Be3 Nc4 39. Bc1 Nxa5 40. Nd6 b5 41. f4 Nb6 42. f5+ Kg7 43. f6+ Kg6 44. f7
Nd7 45. Kf3 Ne5+ 46. Kf4 Nxf7 47. Nxf7 Kxf7 48. Kf5 Nc4 49. g6+ Kg7 50. Bg5 a5
51. Bf6+ Kg8 52. Ke6 a4 53. d6 Nxd6 54. Kxd6 a3 55. c4 bxc4 56. Kc5 a2 {
Diagram #} 57. Kxc4 $4 {The wrong pawn.} (57. Kd5 h4 58. Ke4 h3 59. Kf3 h2 60.
Kg2) 57... h4 58. Kb3 {Black wins after 58...h3 wins!} 1/2-1/2

[Event "Mechanics' SummerTNM; 30/90, SD/30"]
[Site "San Francisco"]
[Date "2014.07.08"]
[Round "7.22"]
[White "Reyes, Robert"]
[Black "Zhao, Audrey"]
[Result "0-1"]
[WhiteElo "1383"]
[BlackElo "1788"]
[Annotator "Donaldson"]
[PlyCount "126"]
[EventDate "2014.??.??"]

1. e4 c5 2. c3 d5 3. exd5 Qxd5 4. d4 Nc6 (4... Nf6 5. Nf3 Bf5) 5. Nf3 Bf5 6.
Be2 O-O-O (6... e6) 7. Be3 (7. O-O cxd4 8. cxd4 Nxd4 9. Nxd4 Qxd4 10. Qb3) 7...
cxd4 8. cxd4 e6 9. Nc3 Bb4 10. O-O Qd7 11. Rc1 Kb8 12. Bf4+ Bd6 13. Ne5 Nxe5
14. dxe5 Bc7 15. Qxd7 (15. Qb3) 15... Rxd7 16. Rfd1 Rxd1+ 17. Rxd1 Ne7 18. g4 (
18. Rd7 $1 Ng6 19. Bg3) 18... Bg6 19. Rd7 Nc6 20. Bf3 Rd8 21. Rxd8+ Nxd8 22.
Nb5 Bb6 23. Nd6 Bd4 24. b3 Bb1 25. a3 Bb2 26. Nc4 Bd4 27. Be3 Bxe3 28. Nxe3 Nc6
29. Bxc6 bxc6 30. Nc4 Bc2 31. Nd2 (31. b4) 31... c5 32. f4 Kc7 33. Kf2 Kc6 34.
Ke3 Kd5 35. h4 f6 36. exf6 gxf6 37. g5 fxg5 38. hxg5 (38. fxg5 $1) 38... e5 39.
fxe5 Kxe5 40. b4 cxb4 41. axb4 Kf5 42. Nf3 Be4 43. Nd4+ Ke5 44. Nb5 a6 45. Nd4
Bb7 46. b5 a5 47. Nb3 a4 48. Nc5 a3 $1 49. Nb3 Bd5 50. Na1 Bc4 51. b6 Kd6 52.
Kd2 Kc6 53. Kc3 Bd5 54. Kb4 a2 55. Ka5 Kd6 56. Kb4 Ke5 57. Kc5 Bb7 58. Nc2 Kf5
59. Kb4 Kxg5 60. Ka3 h5 61. Kxa2 h4 62. Kb3 h3 63. Nd4 h2 0-1

[Event "Mechanics' Fall TNM; 30/90, SD/30"]
[Site "San Francisco"]
[Date "2014.12.09"]
[Round "7.44"]
[White "Rhizor, Jared"]
[Black "Aquino, Patrick"]
[Result "0-1"]
[WhiteElo "1319"]
[BlackElo "1609"]
[PlyCount "62"]
[EventDate "2014.??.??"]

1. e4 d5 2. Nc3 d4 3. Na4 e5 4. Nf3 Bg4 5. Be2 Nc6 6. h3 Bh5 7. g4 Bg6 8. d3 a6
9. b3 Bb4+ 10. Bd2 Ba3 11. c3 b5 12. Nc5 Bxc5 13. b4 Bb6 14. Qb3 Qe7 15. Qd5
Qd6 16. Qb3 f6 17. c4 bxc4 18. Qxc4 Bf7 19. Qc2 Nxb4 20. Qa4+ Nc6 21. Bb4 Bc5
22. a3 Nge7 23. Rc1 Bxb4+ 24. axb4 O-O 25. O-O Nxb4 26. Rb1 c5 27. Qa3 Ng6 28.
Nd2 Nf4 29. Rfe1 Nxh3+ 30. Kg2 Nf4+ 31. Kg1 Nc2 0-1

[Event "Mechanics' Fall TNM; 30/90, SD/30"]
[Site "San Francisco"]
[Date "2014.10.28"]
[Round "2.36"]
[White "Rhizor, Jared"]
[Black "Borgo, Isaac"]
[Result "0-1"]
[WhiteElo "1319"]
[BlackElo "1553"]
[PlyCount "108"]
[EventDate "2014.??.??"]

1. e4 e5 2. Nf3 Nc6 3. d3 Bc5 4. g3 Nge7 5. a3 O-O 6. b4 Bb6 7. Bb2 d6 8. d4
Bg4 9. Bg2 Bxf3 10. Bxf3 Nxd4 11. Bxd4 Bxd4 12. c3 Bb6 13. O-O a6 14. a4 c5 15.
a5 Ba7 16. Nd2 b5 17. Qc2 Nc6 18. Rfd1 cxb4 19. cxb4 Nxb4 20. Qc3 Bc5 21. Nb3
Qe7 22. Nxc5 dxc5 23. Rdc1 c4 24. Qa3 Nc6 25. Qxe7 Nxe7 26. Bg2 Nc6 27. f4 Nd4
28. Ra2 f6 29. Kf2 Kf7 30. Ke1 Rad8 31. Rd2 Nb3 32. Rxd8 Rxd8 33. Rd1 Rxd1+ 34.
Kxd1 Nxa5 35. Kc2 Nc6 36. Bf1 Ke7 37. Kb2 Kd6 38. Ka3 Kc5 39. Be2 b4+ 40. Kb2
c3+ 41. Kb3 Nd4+ 42. Ka4 Nxe2 43. fxe5 fxe5 44. Kb3 Kd4 45. Kc2 Kxe4 46. h4
Nxg3 47. h5 Nxh5 48. Kc1 b3 49. Kb1 Kd3 50. Ka1 Kd2 51. Kb1 e4 52. Ka1 e3 53.
Kb1 e2 54. Ka1 e1=Q# 0-1

[Event "Mechanics' Fall TNM; 30/90, SD/30"]
[Site "San Francisco"]
[Date "2014.11.25"]
[Round "5.34"]
[White "Robertson, Guy"]
[Black "Chandrasekaran, Siddarth"]
[Result "1-0"]
[WhiteElo "1494"]
[BlackElo "1627"]
[PlyCount "97"]
[EventDate "2014.??.??"]

1. d4 Nf6 2. c4 c5 3. e3 g6 4. Nf3 Bg7 5. Nc3 b6 6. Bd3 d6 7. O-O O-O 8. d5 Na6
9. a3 Nc7 10. e4 a6 11. e5 Nd7 12. exd6 exd6 13. Bf4 Nf6 14. Qd2 Bg4 15. Ng5 h6
16. Nge4 Nxe4 17. Nxe4 f5 18. Bxh6 fxe4 19. Bxe4 Qf6 20. Bg5 Qf7 21. f4 b5 22.
h3 Bf5 23. Bf3 bxc4 24. g4 Bd3 25. Rfe1 Rfe8 26. Rad1 Nxd5 27. Qg2 Bd4+ 28. Kh1
Nc7 29. Bxa8 Nxa8 30. Qc6 Be3 31. Rxe3 Rxe3 32. Qxa8+ Kg7 33. Kh2 Re2+ 34. Kg3
Rxb2 35. Re1 Be2 36. Qe4 Rb3+ 37. Kf2 Bd3 38. Qc6 Rb2+ 39. Kg3 Re2 40. Rxe2
Bxe2 41. Qxd6 Qb7 42. Qe5+ Kf7 43. Qxe2 Qb3+ 44. Kh4 Qd3 45. Qe7+ Kg8 46. Bf6
g5+ 47. Kxg5 Qd5+ 48. Be5 Qf7 49. Qxc5 1-0

[Event "Mechanics' SummerTNM; 30/90, SD/30"]
[Site "San Francisco"]
[Date "2014.05.27"]
[Round "1.11"]
[White "Robertson, Guy"]
[Black "Doyle, Bryon"]
[Result "0-1"]
[WhiteElo "1524"]
[BlackElo "2056"]
[PlyCount "120"]
[EventDate "2014.??.??"]

1. Nf3 Nf6 2. g3 g6 3. Bg2 Bg7 4. d3 c5 5. e4 d6 6. O-O Nc6 7. Nbd2 O-O 8. a4
Rb8 9. Nc4 Bg4 10. h3 Be6 11. Qe2 Nd7 12. Ng5 Nd4 13. Qd1 Bxc4 14. dxc4 h6 15.
Nf3 Nxf3+ 16. Bxf3 Ne5 17. Be2 Nc6 18. c3 Qb6 19. f4 e6 20. Rb1 Bxc3 21. bxc3
Qxb1 22. Qxd6 Rbd8 23. Qxc5 Qxe4 24. Bf3 Qf5 25. Qf2 Rd7 26. g4 -- 27. Qc2 Qc5+
28. Kg2 Rfd8 29. f5 exf5 30. gxf5 Qxf5 31. Be4 Qh5 32. Bd5 Rxd5 33. cxd5 Qxd5+
34. Kh2 Kg7 35. c4 Qe6 36. Bb2+ Kh7 37. Qc3 Nd4 38. Rf2 Qe5+ 39. Kg2 Qe4+ 40.
Kh2 Kg8 41. c5 Rd5 42. Qg3 Rd8 43. Qc7 Rf8 44. Qd6 Ne6 45. Qd2 Qh4 46. Bf6 g5
47. Rg2 Qf4+ 48. Qxf4 Nxf4 49. Rg4 Nh5 50. Be7 Re8 51. Bd6 f5 52. Rg2 f4 53. a5
a6 54. h4 Ng3 55. hxg5 hxg5 56. Kh3 Re2 57. Rg1 Ne4 58. Be7 Re3+ 59. Kh2 Re2+
60. Kh3 Nf2+ 0-1

[Event "Mechanics' SummerTNM; 30/90, SD/30"]
[Site "San Francisco"]
[Date "2014.06.17"]
[Round "4.31"]
[White "Robertson, Guy"]
[Black "Eastham, Lorraine"]
[Result "1-0"]
[WhiteElo "1524"]
[BlackElo "999"]
[Annotator "Donaldson"]
[PlyCount "59"]
[EventDate "2014.??.??"]

1. Nf3 d5 2. g3 e6 3. Bg2 c5 4. d3 Nf6 5. O-O Be7 6. Nbd2 Nc6 7. e4 Qc7 8. a4
O-O 9. c3 b6 10. Rb1 Ba6 11. Qc2 $2 Rac8 (11... dxe4 $19) 12. Re1 Rfd8 13. b3
d4 (13... dxe4 $1 14. dxe4 Bd3) 14. Nc4 dxc3 15. Qxc3 Rd7 16. Bf1 Rcd8 17. Rd1
Ne8 18. Nfe5 Nxe5 19. Nxe5 Bf6 20. Bf4 Qc8 21. Qc2 Bxe5 22. Bxe5 f6 23. Bf4 e5
24. Be3 Nc7 25. Bh3 c4 26. bxc4 Bxc4 27. Qxc4+ Nd5 28. Be6+ Kh8 29. Qxc8 Rxc8
30. exd5 1-0

[Event "Mechanics' Fall TNM; 30/90, SD/30"]
[Site "San Francisco"]
[Date "2014.11.18"]
[Round "4.29"]
[White "Robertson, Guy"]
[Black "Flores, David"]
[Result "0-1"]
[WhiteElo "1494"]
[BlackElo "1793"]
[PlyCount "72"]
[EventDate "2014.??.??"]

1. e4 e5 2. Nf3 d6 3. d3 Nf6 4. Nbd2 g6 5. g3 Bg7 6. Bg2 Nc6 7. O-O O-O 8. a4
a5 9. c3 b6 10. Nc4 Ba6 11. Na3 Rb8 12. c4 Qd7 13. Rb1 h6 14. h3 Kh7 15. b3 Bc8
16. Bb2 Qe7 17. Qe2 Nd7 18. Nb5 Nc5 19. Bc3 f5 20. exf5 Bxf5 21. Rbd1 Nb4 22.
Bxb4 axb4 23. Nh4 Be6 24. Na7 Qd7 25. Nc6 Nxb3 26. Nxb4 Qxa4 27. Nc6 Rbe8 28.
Qc2 Nc5 29. Qb2 Qb3 30. Qc1 Bd7 31. d4 Ne6 32. dxe5 Bxc6 33. Bxc6 Bxe5 34. Bxe8
Rxe8 35. f4 Bd4+ 36. Rxd4 Nxd4 0-1

[Event "Mechanics' Fall TNM; 30/90, SD/30"]
[Site "San Francisco"]
[Date "2014.10.28"]
[Round "2.27"]
[White "Robertson, Guy"]
[Black "Lin, Aung Tun"]
[Result "0-1"]
[WhiteElo "1494"]
[BlackElo "1689"]
[PlyCount "56"]
[EventDate "2014.??.??"]

1. Nf3 c5 2. g3 f5 3. d3 d5 4. Nbd2 Nf6 5. Bg2 e6 6. O-O Bd6 7. a4 Nc6 8. Re1
O-O 9. e4 e5 10. exd5 Nxd5 11. Nc4 Qc7 12. Nxd6 Qxd6 13. Bd2 f4 14. Ng5 Bf5 15.
Ne4 Bxe4 16. Bxe4 Nd4 17. c3 Ne6 18. Qb3 Nf6 19. Qxb7 Rab8 20. Qc6 Nxe4 21.
Qxe4 Ng5 22. Qc4+ Kh8 23. Red1 Qc6 24. b4 Qf3 25. Be1 Nh3+ 26. Kf1 fxg3 27.
hxg3 Nxf2 28. bxc5 Nxd3+ 0-1

[Event "Mechanics' SummerTNM; 30/90, SD/30"]
[Site "San Francisco"]
[Date "2014.07.08"]
[Round "7.30"]
[White "Robertson, Guy"]
[Black "Paquette, James"]
[Result "1/2-1/2"]
[WhiteElo "1524"]
[BlackElo "1314"]
[PlyCount "161"]
[EventDate "2014.??.??"]

1. Nf3 g6 2. e4 Bg7 3. d4 c5 4. c3 Qa5 5. Nbd2 Nc6 6. Nc4 Qc7 7. a4 d6 8. Bd3
cxd4 9. cxd4 Nxd4 10. O-O Nxf3+ 11. Qxf3 Nf6 12. h3 O-O 13. Be3 Be6 14. Rac1
Qd7 15. Rfd1 Qxa4 16. e5 Bd5 17. Qe2 dxe5 18. Nxe5 Rac8 19. Ra1 Qb4 20. Rxa7
Ne4 21. Nf3 Qxb2 22. Qf1 Ra8 23. Rb1 Qf6 24. Rxa8 Rxa8 25. Bd4 Qf4 26. Bxg7
Kxg7 27. Qe2 Nc3 28. Qb2 Qf6 29. Re1 e6 30. Ne5 Qg5 31. g3 Rc8 32. Bf1 Kg8 33.
Bg2 Qe7 34. Bxd5 Nxd5 35. Qd2 f6 36. Nf3 b5 37. Qxd5 exd5 38. Rxe7 Rc1+ 39. Kg2
b4 40. Rb7 Rb1 41. Nd4 h6 42. Kf3 Kf8 43. Ke3 Ke8 44. Kd3 Rd1+ 45. Ke3 Rb1 46.
f3 Kd8 47. Nc6+ Kc8 48. Rxb4 Rxb4 49. Nxb4 Kd7 50. Nxd5 Ke6 51. Nf4+ Kf5 52. h4
g5 53. g4+ Ke5 54. Nd3+ Ke6 55. h5 f5 56. Nc5+ Ke5 57. Nd7+ Ke6 58. Nf8+ Ke5
59. Ng6+ Ke6 60. Kd4 f4 61. Ne5 Ke7 62. Ke4 Ke6 63. Nd3 Kf6 64. Nc5 Kf7 65. Kf5
Kg7 66. Ne6+ Kf7 67. Nxg5+ hxg5 68. Kxg5 Kg7 69. Kxf4 Kf6 70. g5+ Kf7 71. Kg3
Kg7 72. f4 Kf7 73. Kg4 Kg7 74. f5 Kf7 75. f6 Kg8 76. Kf5 Kf7 77. g6+ Kg8 78. h6
Kh8 79. Ke6 Kg8 80. Ke7 Kh8 81. f7 $4 1/2-1/2

[Event "Mechanics' Fall TNM; 30/90, SD/30"]
[Site "San Francisco"]
[Date "2014.12.16"]
[Round "8.34"]
[White "Robertson, Guy"]
[Black "Rosenstein, Perry"]
[Result "0-1"]
[WhiteElo "1348"]
[BlackElo "1767"]
[PlyCount "98"]
[EventDate "2014.??.??"]

1. Nf3 f5 2. d3 Nf6 3. Nbd2 g6 4. g3 Bg7 5. Bg2 O-O 6. O-O d6 7. c4 e5 8. Rb1
e4 9. Ne1 Qe8 10. Nc2 Nc6 11. b4 Be6 12. b5 Ne5 13. dxe4 fxe4 14. Nxe4 Bxc4 15.
Nxf6+ Bxf6 16. Bh6 Bg7 17. Bxg7 Kxg7 18. Qd4 Bxe2 19. Rfe1 Bf3 20. Bf1 Qe6 21.
Re3 Qg4 22. Qc3 Rf7 23. Nd4 Kg8 24. h3 Qh5 25. Nxf3 Nxf3+ 26. Kg2 Ne5 27. f4
Qf5 28. Rb4 Raf8 29. g4 Qe6 30. Kg3 Qxa2 31. Bg2 Nd7 32. Rb2 Qa4 33. Rb4 Qa2
34. Rd4 Nf6 35. g5 Nh5+ 36. Kh2 Nxf4 37. Rxf4 Rxf4 38. Re7 R4f7 39. Qxc7 Qf2
40. Qxd6 Rxe7 41. Qxe7 Qf4+ 42. Kh1 Qf7 43. Qc5 Rd8 44. Qc2 Re8 45. Qc3 Qe6 46.
Qc7 Qe1+ 47. Kh2 Qe5+ 48. Qxe5 Rxe5 49. Bxb7 Rxb5 0-1

[Event "Mechanics' Fall TNM; 30/90, SD/30"]
[Site "San Francisco"]
[Date "2014.12.09"]
[Round "7.36"]
[White "Robertson, Guy"]
[Black "Yamamoto, Craig"]
[Result "0-1"]
[WhiteElo "1494"]
[BlackElo "1625"]
[Annotator "Donaldson"]
[PlyCount "46"]
[EventDate "2014.??.??"]

1. d4 f5 2. Nf3 Nf6 3. c4 g6 4. Nc3 Bg7 5. Qc2 d6 6. b4 O-O 7. Bb2 e6 8. e3 b6
9. Be2 Bb7 10. a4 Nbd7 11. O-O Ne4 12. Rfd1 (12. a5) 12... Nxc3 13. Bxc3 Nf6
14. Rd2 $2 (14. a5) 14... Ne4 15. Rdd1 Nxc3 16. Qxc3 Qe7 17. Qb3 f4 18. Rf1 e5
19. exf4 Rxf4 20. dxe5 Kh8 21. Rae1 dxe5 22. Bd3 {Diagram #} Rxf3 $1 23. gxf3
Qg5+ 0-1

[Event "Mechanics' SummerTNM; 30/90, SD/30"]
[Site "San Francisco"]
[Date "2014.07.15"]
[Round "8.30"]
[White "Robertson, Guy"]
[Black "Zaman, Ahyan"]
[Result "1-0"]
[WhiteElo "1524"]
[BlackElo "969"]
[PlyCount "45"]
[EventDate "2014.??.??"]

1. Nf3 Nc6 2. g3 e5 3. d3 d5 4. Nbd2 Nf6 5. e4 dxe4 6. dxe4 Bg4 7. h3 Bh5 8.
Bg2 Nd4 $6 (8... Bc5) 9. O-O Nxf3+ 10. Nxf3 Nxe4 (10... Bd6) 11. Qxd8+ Rxd8 12.
Nxe5 Nc5 13. Re1 Ne6 (13... Be7 14. b4) 14. Bxb7 Bc5 15. Bc6+ Ke7 16. Bg2 Kf8
17. Nd3 Nd4 18. Nxc5 Nxc2 19. Be3 Nxa1 20. Rxa1 g6 21. Bh6+ Kg8 22. g4 Bxg4 23.
hxg4 1-0